| 000 | 00454nam a2200157Ia 4500 | ||
|---|---|---|---|
| 005 | 20250620032508.0 | ||
| 008 | 240331s9999 xx 000 0 und d | ||
| 020 | _a9559062239 | ||
| 082 |
_bSRI _a322 |
||
| 245 | 0 | _aSri Lankawe manawa himikam pilibanda thathwaya | |
| 260 |
_aColombo _bLaw & Social responsibility _c1994 |
||
| 300 | _a235 p ., | ||
| 500 | _aSri Lanka's Human Rights Situation | ||
| 700 |
_aNeethiya ha Samaja bharaya. _eedt |
||
| 942 | _cL | ||
| 999 |
_c5641 _d5641 |
||